000 00336 a2200169 4500
001 189957
020 _a85-16-01077-5
040 _cMagnum
100 _aJunqueira, Sonia
240 1 0 _aSapituca
_lpor
245 1 0 _aSapituca
300 _a16
362 0 _a1997
440 1 _aModerna
697 _aLITERATURA INFANTIL
942 _cBK
999 _c189957
_d189957